Toutes les gares ferroviaires d'Eure-et-Loir - Statistiques

Statistiques générales
  • Ce quiz a été pris 6 fois
  • Le résultat moyen est 8 sur 29
Statistiques - réponses
Fréquentation annuelle Nom de la gare % Correct
3 536 538 Chartres
100%
263 411 Châteaudun
83%
2 192 967 Dreux
83%
1 574 579 Épernon
83%
1 327 025 Maintenon
83%
636 642 Nogent-le-Rotrou
67%
29 352 Auneau
33%
86 123 Brou
33%
442 953 Courville-sur-Eure
33%
223 978 Illiers-Combray
33%
124 677 Jouy
33%
582 162 La Loupe
33%
186 401 Saint-Piat
33%
31 801 Amilly Ouerray
17%
131 013 Bonneval
17%
12 934 Lucé
17%
180 851 Marchezais - Broué
17%
53 719 Voves
17%
7 592 Arrou
0%
89 254 Bailleau-le-Pin
0%
6 308 Château-Gaillard
0%
23 546 Cloyes-sur-le-Loir
0%
4 207 Courtalain - Saint-Pellerin
0%
7 984 La Taye
0%
109 176 La Villette Saint-Prest
0%
10 462 Magny - Blandainville
0%
33 519 Pontgouin
0%
25 136 Saint-Aubin - Saint-Luperce
0%
150 581 Toury
0%
Aucun quiz correspondant
Distribution des résultats
% des personnes avec chaque résultat
Percentile par nombre de réponses
Votre historique - résultats
Vous n’avez pas pris ce quiz